00447nam a2200121Ia 4500008004100000100002500041245005000066245009000116260004900206260000900255650001300264856004800277170221s9999 xx 000 0 und d aChristine Harrington aTax avoidance and corporate capital structure cChristine Harrington, The University of Tampa; Walter Smith, The University of Tampa. bJournal of Management and Marketing Research c2012 xBusiness uhttp://www.aabri.com/manuscripts/121289.pdf